Statistics for Municipalities of Hiroshima Prefecture

Click here to take the quiz!

General Stats

  • This quiz has been taken 60 times
  • The average score is 16 of 23

Answers on the Map

Answers color-coded by a green-red scale on the quiz's map according to % correct below.
 

Answer Stats

Answer% Correct
Hiroshima 広島
100%
Fukuyama 福山
92%
Higashihiroshima 東広島
92%
Onomichi 尾道
92%
Mihara 三原
88%
Kure 呉市
83%
Takehara 竹原
79%
Hatsukaichi 廿日市
75%
Miyoshi 三次
75%
Kitahiroshima 北広島
67%
Fuchu 府中
63%
Fuchu 府中
63%
Otake 大竹
63%
Sera 世羅
63%
Shobara 庄原
63%
Etajima 江田島
54%
Jinsekikogen 神石高原
54%
Kaita 海田
54%
Akiota 安芸太田
50%
Kumano 熊野
50%
Osakikamijima 大崎上島
46%
Saka 坂
46%
Akitakata 安芸高田
42%

Score Distribution

Percentile by Number Answered

Percent of People with Each Score

Your Score History

You have not taken this quiz